[Event "SVK-chT2D 1213"]
[Site "Slovakia"]
[Date "2013.03.16"]
[Round "10.7"]
[White "Zrost, Rudolf"]
[Black "Krivos Bellus, Jan"]
[Result "1-0"]
[WhiteElo "1990"]
[BlackElo "1824"]
[PlyCount "49"]
[EventDate "2012.10.13"]
[EventType "team-tourn"]
[EventRounds "11"]
[EventCountry "SVK"]
[SourceTitle "EXT 2015"]
[Source "ChessBase"]
[SourceDate "2014.11.20"]
[SourceVersion "1"]
[SourceVersionDate "2014.11.20"]
[SourceQuality "1"]
[WhiteTeam "Margecany"]
[BlackTeam "Kosice Slavia TU IV"]
[WhiteTeamCountry "SVK"]
[BlackTeamCountry "SVK"]

1. d4 f5 2. e4 fxe4 3. Nc3 Nf6 4. Bg5 e6 5. f3 exf3 6. Nxf3 Be7 7. Bd3 0-0 8. Qd2 Nc6 9. a3 b6 10. 0-0-0 a5 11. Qe2 Nd5 12. Bxe7 Nxc3 13. bxc3 Qxe7 14. Kb2 Bb7 15. h4 Nb8 16. Ng5 h6 17. Ne4 Na6 18. g4 d5 19. Ng3 c5 20. Bg6 Qd6 21. Rhg1 e5 22. h5 cxd4 23. cxd4 e4 24. Nf5 Nc7 25. Nxd6 1-0

[Event "SVK-chT2D 0809"]
[Site "Slovakia"]
[Date "2009.01.31"]
[Round "8.1"]
[White "Ondo, Radoslav"]
[Black "Krivos Bellus, Jan"]
[Result "1-0"]
[WhiteElo "2080"]
[BlackElo "1886"]
[PlyCount "81"]
[EventDate "2008.10.11"]
[EventType "team-tourn"]
[EventRounds "11"]
[EventCountry "SVK"]
[SourceTitle "EXT 2010"]
[Source "ChessBase"]
[SourceDate "2010.11.25"]
[SourceVersion "1"]
[SourceVersionDate "2010.11.25"]
[SourceQuality "1"]
[WhiteTeam "Michalovce Zemplin II"]
[BlackTeam "Kosice Slavia UPJS IV"]
[WhiteTeamCountry "SVK"]
[BlackTeamCountry "SVK"]

1. e4 e6 2. d4 d5 3. e5 c5 4. c3 cxd4 5. cxd4 Bb4+ 6. Nc3 Ne7 7. Nf3 0-0 8. Bd2 Nec6 9. Bd3 Be7 10. 0-0 b6 11. a3 Ba6 12. Bxa6 Nxa6 13. Qa4 Nab8 14. b4 Qd7 15. Rac1 a6 16. Rc2 Ra7 17. Rfc1 b5 18. Qb3 Rb7 19. Ne2 Na7 20. Nf4 Nc8 21. Nh5 Nb6 22. Qd3 Nc4 23. Ng5 Bxg5 24. Bxg5 f5 25. exf6 g6 26. Nf4 Qf7 27. Re1 Rb6 28. Rce2 Nd7 29. Rxe6 Rxe6 30. Rxe6 Re8 31. Rxe8+ Qxe8 32. Nxd5 Qe1+ 33. Qf1 Qe4 34. Ne3 Qxd4 35. Nc2 Qe4 36. Qd1 Qf5 37. h4 Nxf6 38. Qd8+ Kf7 39. Nd4 Qb1+ 40. Kh2 Ng8 41. Qd7+ 1-0

[Event "SVK-ch Region"]
[Site "Slovakia"]
[Date "2006.07.07"]
[Round "9"]
[White "Marvanyi, Milan"]
[Black "Krivos Bellus, Jan"]
[Result "0-1"]
[WhiteElo "1833"]
[BlackElo "1876"]
[PlyCount "156"]
[EventDate "2006.06.04"]
[EventType "swiss"]
[EventRounds "9"]
[EventCountry "SVK"]
[SourceTitle "EXT 2007"]
[Source "ChessBase"]
[SourceDate "2006.11.23"]
[SourceVersion "1"]
[SourceVersionDate "2006.11.23"]
[SourceQuality "1"]

1. e4 c6 2. d4 d5 3. e5 Bf5 4. Bd3 Bxd3 5. Qxd3 e6 6. Nf3 h6 7. 0-0 Nd7 8. a3 Ne7 9. b4 Ng6 10. c3 Be7 11. Be3 b5 12. Nbd2 Nb6 13. g3 Kd7 14. Nb3 Nc4 15. Nfd2 Nxd2 16. Bxd2 Nf8 17. a4 a6 18. axb5 axb5 19. Rxa8 Qxa8 20. Ra1 Qb7 21. f4 g6 22. Ra5 Kc7 23. Qb1 Nd7 24. Qa1 Kb8 25. Ra2 Bd8 26. Qb2 Bb6 27. Qa3 Kc7 28. Be3 Rb8 29. Bf2 Kc8 30. Nd2 Bd8 31. Nf1 Nb6 32. Ne3 Ra8 33. Qb3 Rxa2 34. Qxa2 Qa8 35. Qxa8+ Nxa8 36. Ng4 h5 37. Nh6 f6 38. Nf7 Kd7 39. h4 Ke8 40. Nh8 f5 41. Nxg6 Kf7 42. Nh8+ Kg7 43. Kf1 Kxh8 44. Ke2 Nb6 45. Be3 Be7 46. Kd3 Kg8 47. Kc2 Kf8 48. Kb3 Nc4 49. Bc1 Ke8 50. Kc2 Kd7 51. Kd3 Kc7 52. Kc2 Nb6 53. Kd3 Na4 54. Ba3 Kb6 55. Kc2 c5 56. Kb3 Kc6 57. Bc1 cxb4 58. cxb4 Nb6 59. Kc3 Nd7 60. Bd2 Kb6 61. Kb3 Nb8 62. Bc3 Nc6 63. Ka3 Ka6 64. Kb3 Kb6 65. Ka3 Na5 66. Kb2 Nc4+ 67. Kc2 Ne3+ 68. Kb3 Ng2 69. Kc2 Nxh4 70. gxh4 Bxh4 71. Kd3 Bg3 72. Ke3 Kc6 73. Kf3 h4 74. Bd2 Kd7 75. Kg2 Ke7 76. Be3 Be1 77. Kh3 Bxb4 78. Kxh4 Bc3 0-1

[Event "SVK-ch Region"]
[Site "Slovakia"]
[Date "2006.07.01"]
[Round "2"]
[White "Kudlik, Vladimir"]
[Black "Krivos Bellus, Jan"]
[Result "1-0"]
[WhiteElo "1863"]
[BlackElo "1876"]
[PlyCount "131"]
[EventDate "2006.06.04"]
[EventType "swiss"]
[EventRounds "9"]
[EventCountry "SVK"]
[SourceTitle "EXT 2007"]
[Source "ChessBase"]
[SourceDate "2006.11.23"]
[SourceVersion "1"]
[SourceVersionDate "2006.11.23"]
[SourceQuality "1"]

1. c4 f5 2. Nc3 Nf6 3. g3 g6 4. Bg2 Bg7 5. d4 c6 6. Nf3 d6 7. 0-0 0-0 8. d5 e5 9. e3 c5 10. Qb3 a6 11. a4 Re8 12. e4 Qc7 13. a5 Nxe4 14. Nxe4 fxe4 15. Ng5 Bf5 16. Nxe4 Nd7 17. Bd2 Nf6 18. Rfe1 Nxe4 19. Bxe4 Bxe4 20. Rxe4 Re7 21. Qb6 Rf8 22. Qxc7 Rxc7 23. b4 Rfc8 24. b5 Ra8 25. bxa6 Rxa6 26. Rb1 Bf6 27. Kg2 Rf7 28. f4 Re7 29. Kf3 Rf7 30. Kg4 Bg7 31. Bc3 exf4 32. Bxg7 Kxg7 33. Rxf4 Re7 34. Rb5 Ra8 35. h4 Rae8 36. Rb6 Rd7 37. h5 gxh5+ 38. Kxh5 Re5+ 39. Kh4 Re2 40. Kg4 Ra2 41. Kf5 Re2 42. Rb1 Rde7 43. Kg4 Ra2 44. Rb6 Rxa5 45. Rxd6 Ra6 46. Rd8 Rg6+ 47. Kf3 Rf6 48. Rc8 Rxf4+ 49. gxf4 b6 50. d6 Rf7 51. Rc6 Kf6 52. Rxb6 Rd7 53. Ke4 h5 54. Kd5 Kf5 55. Kxc5 Ke6 56. Rb2 Rxd6 57. Re2+ Kd7 58. Kb5 Rf6 59. Rf2 Kc7 60. c5 Rf5 61. Rh2 Rxf4 62. Rxh5 Rf7 63. Rh6 Re7 64. Kc4 Rd7 65. Ra6 Kb7 66. c6+ 1-0

[Event "SVK-ch Region"]
[Site "Sklene Teplice"]
[Date "2005.??.??"]
[Round "?"]
[White "Granec, Jan"]
[Black "Krivos Bellus, Jan"]
[Result "0-1"]
[WhiteElo "1640"]
[BlackElo "1876"]
[PlyCount "74"]
[EventDate "2005.??.??"]
[EventType "swiss"]
[EventRounds "9"]
[EventCountry "SVK"]
[SourceTitle "EXT 2007"]
[Source "ChessBase"]
[SourceDate "2006.11.23"]
[SourceVersion "1"]
[SourceVersionDate "2006.11.23"]
[SourceQuality "1"]

1. e4 c6 2. Nc3 d5 3. exd5 cxd5 4. d4 Nc6 5. Bb5 e6 6. a3 Nf6 7. Bg5 Be7 8. Nf3 0-0 9. Bxc6 bxc6 10. Ne5 Qc7 11. 0-0 Ba6 12. Re1 Rac8 13. b4 Ne8 14. Bxe7 Qxe7 15. Na4 Rc7 16. Nc5 Bc8 17. c3 Nd6 18. Qa4 Qe8 19. Qa5 Re7 20. Qa4 Nb5 21. Qb3 Nd6 22. a4 a6 23. Qd1 f6 24. Nf3 e5 25. h3 e4 26. Nh2 Qg6 27. Re3 Nf5 28. Re1 Nh4 29. g4 f5 30. f3 fxg4 31. fxg4 Nf3+ 32. Nxf3 Rxf3 33. Qxf3 exf3 34. Rxe7 Qc2 35. Re8+ Kf7 36. Re7+ Kxe7 37. Re1+ Kf7 0-1

[Event "SVK-ch Region"]
[Site "Sklene Teplice"]
[Date "2005.??.??"]
[Round "?"]
[White "Krivos Bellus, Jan"]
[Black "Karnek, Jan"]
[Result "1-0"]
[WhiteElo "1876"]
[BlackElo "1832"]
[PlyCount "107"]
[EventDate "2005.??.??"]
[EventType "swiss"]
[EventRounds "9"]
[EventCountry "SVK"]
[SourceTitle "EXT 2007"]
[Source "ChessBase"]
[SourceDate "2006.11.23"]
[SourceVersion "1"]
[SourceVersionDate "2006.11.23"]
[SourceQuality "1"]

1. d4 Nf6 2. c4 d5 3. Nc3 c6 4. cxd5 cxd5 5. e3 a6 6. Bd3 Nbd7 7. Nf3 g6 8. 0-0 Bg7 9. Bd2 0-0 10. Rc1 b5 11. b3 Bb7 12. Ne2 Rc8 13. Bb4 Re8 14. Rxc8 Qxc8 15. Qc1 e6 16. Qa3 Qa8 17. Bd6 Rc8 18. Rc1 Rxc1+ 19. Qxc1 Qc8 20. Qxc8+ Bxc8 21. Ng3 Ne8 22. Bb4 f6 23. Ne2 Bf8 24. Bxf8 Kxf8 25. Nd2 b4 26. Kf1 Ke7 27. Ke1 e5 28. e4 Nc7 29. g3 exd4 30. Nxd4 Nc5 31. Bc2 Bb7 32. Ke2 N7e6 33. Ke3 dxe4 34. Nxe4 f5 35. Nxc5 Nxc5 36. Ne2 h6 37. Kd4 Ne6+ 38. Kc4 a5 39. Kb5 a4 40. bxa4 Kd6 41. Bb3 Nc7+ 42. Kxb4 Ba6 43. Nc3 f4 44. Bc4 Bc8 45. Nb5+ Kc6 46. Na7+ Kb7 47. Nxc8 Kxc8 48. Kc5 g5 49. a5 Kb7 50. Kd6 Ne8+ 51. Ke7 Ng7 52. Kf6 Ne8+ 53. Kg6 Nd6 54. Bd3 1-0

[Event "SVK-ch Region"]
[Site "Sklene Teplice"]
[Date "2005.??.??"]
[Round "?"]
[White "Krivos Bellus, Jan"]
[Black "Kudlik, Vladimir"]
[Result "1/2-1/2"]
[WhiteElo "1876"]
[BlackElo "1834"]
[PlyCount "66"]
[EventDate "2005.??.??"]
[EventType "swiss"]
[EventRounds "9"]
[EventCountry "SVK"]
[SourceTitle "EXT 2007"]
[Source "ChessBase"]
[SourceDate "2006.11.23"]
[SourceVersion "1"]
[SourceVersionDate "2006.11.23"]
[SourceQuality "1"]

1. d4 Nf6 2. c4 g6 3. Nc3 Bg7 4. e3 d5 5. Bd2 0-0 6. cxd5 Nxd5 7. Bc4 Nb6 8. Bb3 e5 9. dxe5 Bxe5 10. Nge2 Qh4 11. g3 Qg4 12. Nf4 Qxd1+ 13. Rxd1 Bg4 14. Rc1 Bf3 15. 0-0 Rd8 16. Be1 Nc6 17. a3 Na5 18. Bd1 Bc6 19. Be2 Rd7 20. Nd3 Nb3 21. Rc2 Bg7 22. Nb4 Rad8 23. Nxc6 bxc6 24. Nb1 c5 25. Bc3 Bxc3 26. Nxc3 Rd2 27. Rxd2 Rxd2 28. Rb1 c6 29. Kf1 c4 30. Ke1 Rd8 31. Rd1 Rxd1+ 32. Kxd1 Kf8 33. Bf3 Na5 1/2-1/2

[Event "SVK-ch Region"]
[Site "Sklene Teplice"]
[Date "2005.??.??"]
[Round "?"]
[White "Krivos Bellus, Jan"]
[Black "Marvanyi, Milan"]
[Result "1/2-1/2"]
[WhiteElo "1876"]
[BlackElo "1851"]
[PlyCount "87"]
[EventDate "2005.??.??"]
[EventType "swiss"]
[EventRounds "9"]
[EventCountry "SVK"]
[SourceTitle "EXT 2007"]
[Source "ChessBase"]
[SourceDate "2006.11.23"]
[SourceVersion "1"]
[SourceVersionDate "2006.11.23"]
[SourceQuality "1"]

1. d4 d5 2. c4 dxc4 3. Nc3 e6 4. e3 Nf6 5. Bxc4 Be7 6. Nf3 0-0 7. 0-0 c5 8. dxc5 Qxd1 9. Rxd1 Bxc5 10. Bd2 a6 11. a3 b5 12. Bb3 Bb7 13. Ne5 Nc6 14. Nxc6 Bxc6 15. Ne2 Bd5 16. Bxd5 Nxd5 17. Rac1 Rac8 18. Nc3 Nf6 19. Kf1 Ng4 20. h3 Ne5 21. Ne4 Be7 22. Ke2 f5 23. Bc3 Nc4 24. Nd2 Nb6 25. Bd4 Rxc1 26. Rxc1 Rc8 27. Rxc8+ Nxc8 28. Kd3 Kf7 29. e4 Bg5 30. Be3 Bf6 31. b3 g6 32. f4 Bb2 33. a4 Ne7 34. Nf3 h6 35. axb5 axb5 36. Nd4 fxe4+ 37. Kxe4 Bxd4 38. Bxd4 Nc6 39. Bc5 h5 40. g4 hxg4 41. hxg4 Na5 42. b4 Nc6 43. Bd6 Kf6 44. g5+ 1/2-1/2